Pokémon - Les attaques de Lampéroie - Statistiques

Statistiques générales
  • Ce quiz a été pris 14 fois
  • Le résultat moyen est 10 sur 15
Statistiques - réponses
Niveaux Types Noms des attaques % Correct
Départ Électrique Cage-Éclair
100%
Niveau 44 Électrique Tonnerre
100%
Niveau 29 Électrique Coup d'Jus
83%
Niveau 69 Électrique Élecanon
83%
Niveau 54 Poison Enroulement
83%
Départ Électrique Rayon Chargé
83%
Niveau 19 Poison Acide
67%
Niveau 49 Poison Bombe Acide
67%
Départ Électrique Étincelle
67%
Niveau 64 Poison Suc Digestif
67%
Niveau 59 Électrique Éclair Fou
50%
Départ Évolution Ténèbres Mâchouille
50%
Niveau 9 Normal Étreinte
33%
Niveau 74 Normal Mania
33%
Départ Normal Coup d'Boule
17%
Aucun quiz correspondant
Distribution des résultats
% des personnes avec chaque résultat
Percentile par nombre de réponses
Votre historique - résultats
Vous n’avez pas pris ce quiz